Basic techniques of go / (Record no. 190)

MARC details
000 -LEADER
fixed length control field 00858cam a2200265 i 4500
001 - CONTROL NUMBER
control field 323527
005 - DATE AND TIME OF LATEST TRANSACTION
control field 20200421093822.0
008 - FIXED-LENGTH DATA ELEMENTS--GENERAL INFORMATION
fixed length control field 750121s1973 ja a 000 0 eng
010 ## - LIBRARY OF CONGRESS CONTROL NUMBER
LC control number 74196868
015 ## - NATIONAL BIBLIOGRAPHY NUMBER
National bibliography number Ja***
040 ## - CATALOGING SOURCE
Original cataloging agency DLC
Transcribing agency DLC
Modifying agency DLC
050 00 - LIBRARY OF CONGRESS CALL NUMBER
Classification number GV1469.G7
Item number H34 1974
082 00 - DEWEY DECIMAL CLASSIFICATION NUMBER
Classification number 794.1/8
100 1# - MAIN ENTRY--PERSONAL NAME
Personal name Haruyama, Isamu,
Dates associated with a name 1946-
9 (RLIN) 361
245 10 - TITLE STATEMENT
Title Basic techniques of go /
Statement of responsibility, etc. by Haruyama Isamu and Nagahara Yoshiaki ; edited by Richard Bozulich.
250 ## - EDITION STATEMENT
Edition statement 2d ed.
260 ## - PUBLICATION, DISTRIBUTION, ETC.
Place of publication, distribution, etc. Tokyo :
Name of publisher, distributor, etc. Ishi Press,
Date of publication, distribution, etc. 1973, 1974 printing.
300 ## - PHYSICAL DESCRIPTION
Extent v, 170 p. (p. 170 advertisements) :
Other physical details ill. ;
Dimensions 21 cm.
490 0# - SERIES STATEMENT
Series statement The Ishi Press go series ; G2
650 #0 - SUBJECT ADDED ENTRY--TOPICAL TERM
Topical term or geographic name entry element Go (Game)
700 1# - ADDED ENTRY--PERSONAL NAME
Personal name Hagahara, Yoshiaki,
Dates associated with a name 1939-
Relator term joint author.
700 1# - ADDED ENTRY--PERSONAL NAME
Personal name Bozulich, Richard,
Dates associated with a name 1936-
Relator term ed.
906 ## - LOCAL DATA ELEMENT F, LDF (RLIN)
a 7
b cbc
c orignew
d 3
e ncip
f 19
g y-gencatlg
942 ## - ADDED ENTRY ELEMENTS (KOHA)
Source of classification or shelving scheme Dewey Decimal Classification
Koha item type Books
Holdings
Withdrawn status Lost status Damaged status Not for loan Collection Home library Current library Shelving location Date acquired Barcode Date last seen Price effective from Koha item type
        Reference Fairview Fairview General stacks 09/04/2014 39999000007978 09/04/2014 09/04/2014 Books
        Reference Fairview Fairview General stacks 09/04/2014 39999000007992 09/04/2014 09/04/2014 Books
        Reference Fairview Fairview General stacks 09/04/2014 39999000008012 09/04/2014 09/04/2014 Books
        Reference Midway Midway General stacks 09/04/2014 39999000007954 09/04/2014 09/04/2014 Books